000 01062nam a2200313 i 4500
003 DO-SdBNP
005 20250205122040.0
006 a||||er|||| 00| 0
007 ta
008 230613e2022 dr |||||r|||| 00| 0dspa d
020 _a9789945181265
040 _aDO-SdBNP
_bspa
_cBNPHU
_erda
082 4 _a158.1
_bO77p
_222
100 1 _aOrtíz Hadad, Luis
_d1958
_984028
245 _aPiensa bien, vive mejor:
_buna terapia racional emotiva de enfoque social. /
_cLuis Ortíz Hadad; prólogo de José A. Silié Ruiz
264 1 _aSanto Domingo :
_bBúho,
_c2022
300 _a223 páginas :
_c22 cm.
336 _2rdaconten
_atexto
_btxt
337 _2rdamedia
_asin medición
_bn
338 _2rdacarrier
_avolumen
_bnc
500 _aIncluye datos biográficos del autor en las solapas
504 _aBibliografía: páginas 221 - 223
590 _aInventariado, MFF/ 2023
650 4 _aConducta (Ética)
650 4 _aTécnicas de autoayuda
_9387
700 1 _aSilié Ruiz, José
_971046
910 _aValidado. Control de calidad MFF
942 _2ddc
_cLBS1
999 _c53795
_d53795